<?xml version="1.0" encoding="UTF-8"?>
<record
    xmlns:xsi="http://www.w3.org/2001/XMLSchema-instance"
    xsi:schemaLocation="http://www.loc.gov/MARC21/slim http://www.loc.gov/standards/marcxml/schema/MARC21slim.xsd"
    xmlns="http://www.loc.gov/MARC21/slim">

  <leader>01579nam a2200193 a 4500</leader>
  <datafield tag="020" ind1=" " ind2=" ">
    <subfield code="a">0632032553 (hardcover)</subfield>
  </datafield>
  <datafield tag="020" ind1=" " ind2=" ">
    <subfield code="a">9780632032556 (hardcover)</subfield>
  </datafield>
  <datafield tag="082" ind1=" " ind2=" ">
    <subfield code="a">660.2804 SAF</subfield>
  </datafield>
  <datafield tag="245" ind1="1" ind2="0">
    <subfield code="a">Safety in chemical production /</subfield>
  </datafield>
  <datafield tag="250" ind1=" " ind2=" ">
    <subfield code="a">1st ed.</subfield>
  </datafield>
  <datafield tag="260" ind1=" " ind2=" ">
    <subfield code="a">[S.l.] :</subfield>
    <subfield code="b">Wiley-Blackwell,</subfield>
    <subfield code="c">1992.</subfield>
  </datafield>
  <datafield tag="300" ind1=" " ind2=" ">
    <subfield code="a">296 p.</subfield>
  </datafield>
  <datafield tag="490" ind1="1" ind2=" ">
    <subfield code="a">Bs - iupac.</subfield>
  </datafield>
  <datafield tag="520" ind1=" " ind2=" ">
    <subfield code="a">The first IUPAC Workshop on Safety in Chemical Production was established in recognition of the fact that, at present, University teaching in this area is inadequate and significant difficulties and dangers arise when chemists transfer from the academic to the industrial environment. Furthermore it had become evident from such tragedies as that which occured at Bhopal that there was a lack of standard procedure for transferring safety technology from the developed to the developing world. Finally, whilst there were a number of groups active in the fields of safety education, there was no unified and international approach to this important aspect of the technology. The primary objectives of the Workshop were: 1. To provide a unified basis at University level for safety education in chemical technology. 2. To provide, with Case Studies (especially in the field of Hazard Analysis and Risk Reduction) a series of model lectures for use in Universities. 3. A programme for future development. IUPAC were uniquely placed to establish the first workshop.</subfield>
  </datafield>
  <datafield tag="650" ind1=" " ind2=" ">
    <subfield code="a">chemical production</subfield>
  </datafield>
  <datafield tag="700" ind1="1" ind2=" ">
    <subfield code="a">Whiston, J.</subfield>
  </datafield>
  <datafield tag="856" ind1="4" ind2="0">
    <subfield code="u">http://www.amazon.com/exec/obidos/ASIN/0632032553/chopaconline-20</subfield>
  </datafield>
  <datafield tag="942" ind1=" " ind2=" ">
    <subfield code="c">BK</subfield>
  </datafield>
  <datafield tag="999" ind1=" " ind2=" ">
    <subfield code="c">1631</subfield>
    <subfield code="d">1631</subfield>
  </datafield>
  <datafield tag="952" ind1=" " ind2=" ">
    <subfield code="0">0</subfield>
    <subfield code="1">0</subfield>
    <subfield code="7">0</subfield>
    <subfield code="8">NFIC</subfield>
    <subfield code="a">IC</subfield>
    <subfield code="b">IC</subfield>
    <subfield code="c">GEN</subfield>
    <subfield code="d">2015-07-20</subfield>
    <subfield code="l">0</subfield>
    <subfield code="o">660.2804 SAF</subfield>
    <subfield code="p">001923</subfield>
    <subfield code="r">2015-07-20 00:00:00</subfield>
    <subfield code="w">2015-07-20</subfield>
    <subfield code="y">REF</subfield>
  </datafield>
</record>
